Пролуки (Запис номер 500015)
[ съкратено ]
| 000 -Лидер | |
|---|---|
| Лидер | 01238nam a2200301 a 4500 |
| 003 - Код на организацията, давaща контролен номер | |
| Код на организацията, даваща контролен номер | BLK |
| 005 - Дата и час на последна редакция | |
| Дата и час на последна редакция | 20240916163308.0 |
| 007 - Фиксирано поле за физическо описани | |
| Физическо описание | ta |
| 008 - Елементи от данни с фиксирана дължина | |
| Елементи с фиксирана дължина | 180409b bul|||||r ||||||| ||bul|| |
| 010 ## - Наследен системен номер | |
| LC control number | KNG00135194000 |
| 020 ## - Международен стандартен номер на книга ISBN | |
| ISBN | 9786190213307 |
| 040 ## - Източник на каталожния запис | |
| Код на библиотеката | BLK |
| 041 ## - Код за език | |
| Език | Български |
| Език за КДБФ | Български |
| 072 ## - Код за тематичната категория | |
| Код за тематична категория | Н83 |
| 080 ## - УДК | |
| УДК текст | Чешка литература |
| УДК код | 821.162.3 |
| УДК – определител | -31 |
| УДК – код + определител | 821.162.3-31 |
| 100 1# - Редна дума - Автор | |
| Автор | Храбал, Бохумил |
| R(LIN) | 137704 |
| 245 10 - Сведения за заглавието | |
| Заглавие | Пролуки |
| Подзаглавни данни | Роман |
| Авторска отговорност | Бохумил Храбал; прев. от чеш. Васил Самоковлиев. |
| 257 ## - Страна на издаване | |
| Страна на създаване/издаване | Чехия |
| 260 ## - Област на издателските данни | |
| Място на издаване | София |
| Име на издателя | Колибри |
| Година на издаване | 2023 |
| Печатница | София : Инвестпрес |
| 9 (RLIN) | 209486 |
| 300 ## - Физическа характеристика | |
| Брой страници | 240 с. |
| Размер | 20 см |
| 380 ## - Жанр | |
| Жанр | Худож. лит. |
| 490 ## - СЕРИИ (Колекции) | |
| 9 (RLIN) | 490461 |
| Серия | Храбал |
| Номер в серията | 3 |
| 500 ## - Общи забележки | |
| Обща забележка | Ориг. загл.: Proluky / Bohumil Hrabal. - Биогр. данни за авт. отбелязани на гърба на кор. - Кн. 3 от трилогията на Храбал. |
| 700 ## - Други автори (авторска отговорност) | |
| Друг автор | Самоковлиев, Васил Димитров |
| 9 (RLIN) | 321731 |
| 942 ## - АРТИКУЛИ | |
| Вид на библиотечния документ | Книги |
| Скрит в OPAC | Не |
| Периодичен библиозапис | Да |
| Koha issues (borrowed), all copies | 13 |
| 944 ## - СЪЗДАВАНЕ И РЕДАКЦИЯ на ЗАПИСА | |
| Дата на регистрацията/редакция | Виолета Тройчева |
| Служител, извършил регистрацията/редакцията | 30552 |
| Номер на служител | Виолета Тройчева |
| 999 ## - СИСТЕМНИ КОНТРОЛНИ НОМЕРА | |
| Koha biblionumber | 500015 |
| Koha biblioitemnumber | 500015 |
| Код за отписване | Код за изгубен артикул | Източник на класификационната схема | Код за повреда | Коз за рестрикции | Код за отдаване | Артикулен № | Име на библиотеката - собственик | Име на библиотеката, в която се намира в момента | Статус (Текущо местоположение) | Дата на вписване в системата | Местоположение - отдел | Цена в лева | Инвентарен номер | Систематично азбучна сигнатура | Баркод | Цена в евро | Служебен тип на артикула |
|---|---|---|---|---|---|---|---|---|---|---|---|---|---|---|---|---|---|
| Не е изгубен | Universal Decimal Classification | Не е повреден | само за читалня | ползва се в читалня | 939528 | Регионална библиотека "Любен Каравелов" Русе | Регионална библиотека "Любен Каравелов" Русе | Хранилище | 2024-01-19 | Хранилище | 22.00 | 120000898559 | Цб 321555 | 120000898559 | 11.25 | Книги |